LEADER 00690nam0-22002531i-450- 001 990001254890403321 035 $a000125489 035 $aFED01000125489 035 $a(Aleph)000125489FED01 035 $a000125489 100 $a20000920d--------km-y0itay50------ba 101 0 $aeng 200 1 $aPartial Differential Equations$fde John 210 $aBerlin [etc.]$cSpringer-Verlag 225 1 $aApplied mathematical sciences$v1 700 1$aJohn,$bFritz$0331219 801 0$aIT$bUNINA$gRICA$2UNIMARC 901 $aBK 912 $a990001254890403321 952 $aC-33-(1$b11950$fMA1 959 $aMA1 996 $aPartial differential equations$9332400 997 $aUNINA DB $aING01 LEADER 02202oas 2200793 a 450 001 9910135663803321 005 20260218110708.0 035 $a(OCoLC)51038029 035 $a(CONSER) 2003238288 035 $a(CKB)110978984568815 035 $a(MiAaPQ)556354 035 $a(DE-599)ZDB2004700-9 035 $a(DE-599)2004700-9 035 $a(EXLCZ)99110978984568815 100 $a20021120a20009999 sy 101 0 $aeng 135 $aurcn||||||||| 181 $ctxt$2rdacontent 182 $cc$2rdamedia 183 $acr$2rdacarrier 200 00$aForum, qualitative social research /$fForum, Qualitative Sozialforschung 210 $aBonn $cDeutsche Forschungsgemeinschaft$d2000- 300 $aRefereed/Peer-reviewed 300 $aTitle from journal homepage, viewed May 12, 2003. 300 $aEach issue also has a distinctive title. 311 08$a1438-5627 517 3 $aForum, Qualitative Sozialforschung 517 3 $aQualitative social research 517 1 $aFQS 606 $aQualitative research$vPeriodicals 606 $aSocial sciences$xResearch$vPeriodicals 606 $aQualitative Research 606 $aSociometric Techniques 606 $aQualitative research$2fast$3(OCoLC)fst01084940 606 $aSocial sciences$xResearch$2fast$3(OCoLC)fst01122944 608 $aPeriodicals.$2fast 615 0$aQualitative research 615 0$aSocial sciences$xResearch 615 2$aQualitative Research. 615 2$aSociometric Techniques. 615 7$aQualitative research. 615 7$aSocial sciences$xResearch. 712 02$aDeutsche Forschungsgemeinschaft 801 0$bFXG 801 1$bFXG 801 2$bIUL 801 2$bOCLCQ 801 2$bCGU 801 2$bOCLCQ 801 2$bGYR 801 2$bOCLCQ 801 2$bIUL 801 2$bDOS 801 2$bOCLCS 801 2$bOCLCQ 801 2$bOCLCF 801 2$bOCLCQ 801 2$bOCLCA 801 2$bSRU 801 2$bBWN 801 2$bOCLCQ 801 2$bAUD 801 2$bSFB 801 2$bOCLCL 801 2$bOCLCQ 906 $aJOURNAL 912 $a9910135663803321 996 $aForum, qualitative social research$92115673 997 $aUNINA